Rioni di Roma - Statistics

Statistiche generali
  • Questo quiz è stato fatto 59 volte
  • Il punteggio medio è 10 su 22
Statistiche sulle risposte
Superficie (km²) Popolazione (ab.) Rione % Corretto
1,6508 km² 11 956 Monti
76%
1,8008 km² 12 962 Trastevere
76%
1,2743 km² 14 631 Prati
72%
0,6628 km² 7 563 Testaccio
59%
0,5503 km² 2 063 Trevi
54%
1,5807 km² 21 263 Esquilino
52%
0,4877 km² 2 689 Borgo
48%
0,8817 km² 5 470 Campo Marzio
41%
0,2063 km² 2 624 Pigna
41%
0,3189 km² 3 375 Ponte
41%
0,8254 km² 2 439 Celio
39%
1,0374 km² 5 228 Castro Pretorio
37%
0,2689 km² 1 898 Colonna
37%
0,1938 km² 2 283 Parione
37%
0,2614 km² 2 191 Sallustiano
37%
1,1068 km² 3 366 San Saba
37%
0,1376 km² 990 Sant'Angelo
37%
0,3189 km² 3 017 Regola
35%
0,1688 km² 1 839 Sant'Eustachio
35%
0,8485 km² 2 477 Ripa
33%
0,3251 km² 1 546 Ludovisi
30%
0,5990 km² 515 Campitelli
28%
Nessun quiz corrispondente trovato
Distribuzione punteggi
Percentuale di utenti per punteggio
Percentile per numero di risposta
I tuoi punteggi nel tempo
Non hai fatto questo quiz